| 000 | 00780nam a2200181Ia 4500 | ||
|---|---|---|---|
| 008 | 090124s9999 xx 000 0 und d | ||
| 082 | _b3298 | ||
| 100 | _aकेलकर न. चि. | ||
| 245 | _a लोकमान्य़ टिऴकांचे केशरींतील लेख भाग 2 रा | ||
| 250 | _a0 | ||
| 260 |
_b"केशरी मराठा संस्था," _c1924 |
||
| 300 | _a626 | ||
| 600 | _aकेलकर न. चि. | ||
| 630 | _a लोकमान्य़ टिऴकांचे केशरींतील लेख भाग 2 रा | ||
| 700 | _aकेलकर न. चि. | ||
| 730 | _a लोकमान्य़ टिऴकांचे केशरींतील लेख भाग 2 रा | ||
| 942 | _cBOOK | ||
| 999 |
_c82784 _d82784 |
||